Papel de las municipalidades en los planes de desarrollo urbano regional

Guardado en:
Bibliografiske detaljer
Hovedforfatter: Arauz Aguilar, Armando
Format: Texto
Udgivet: San José: IFAM
Tags: Tilføj Tag
Ingen Tags, Vær først til at tagge denne postø!

MARC

LEADER 00000 a a2200000 04500
001 13336
003
040
090 |a 027100  
100 |a Arauz Aguilar, Armando  
245 |a Papel de las municipalidades en los planes de desarrollo urbano regional  
260 |a San José:   |b IFAM  
300 |a 8 p.  
999 |c 3778  |d 3778